000 01023nas a2200325 4500
001 BR9405801
003 BR-BrBNA
005 20231205093733.0
007 ta
008 230509b bl.|||p| |||| 00| 00por d
040 _aBR-BrBNA
_bpor
_cBiblioteca Nacional de Agricultura
041 _a(Pt)
072 _aF02
100 1 _aSantos, H.P. dos
100 1 _aPereira, L.R.
100 1 _aReis, E.M.
245 1 _aRotacao de culturas em Guarapuava. 13. Efeitos de sistemas de sucessao de culturas sobre o rendimento de graos e sobre outras caracteristicas agronomicas de soja, em plantio direto
650 _aSoja
650 _aAveia
650 _aCevada
650 _aLinho
650 _aTrigo
650 _aRotacao de Cultura
650 _aGrao
650 _aCaracteristicas Agronomicas
650 _aPlantio Direto
773 0 _tPesquisa Agropecuaria Brasileira (Brazil)
_xISSN 0100-204X
_g(Jun 1994), v. 29(6) p. 907-916
_wBR9405801
909 _a202311
_bLúcia
_c55
_dLúcia Elande
942 _2AGRIS
_n0
_cANA
999 _c140155
_d140155